00605nam a22001697a 4500003000900000008004100009040007100050082001900121100003800140245004900178260005100227300002800278505009400306650001200400650001200412650001100424AR-CdUCM190518b ||||| |||| 00| 0 spa d aMUNICIPALIDAD PROVINCIAL DEL CUSCOcBIBLIOTECA MUNICIPAL DEL CUSCO a848.43 /bB222 aBaptiste Poquelin, Jean Moliére aEl enfermo imaginario : by otras comedias / aLima : bInformática brasa ediciones,c2004. a185 páginas ;c21 cm. aContenido: El enfermo imaginario -- Las preciosas ridículas -- El medico a la fuerza... aCuentos aComedia aPerú